00397nam a2200109Ia 4500008004100000082002000041100002500061245002100086260003900107630001800146650012300164211109s9999||||xx |||||||||||||| ||und|| a894.812 bNAR-G aNarayana Pillai, P K 0aGadhyamukthavali bNATIONAL BOOKSTALLaKottayamc1963 xGeneral Stack aLiteratures of other languagesvAltaic, Uralic, Hyperborean & DravidianMalayalam LiteratureMalayalam PoetryxGeneralia